|
|
|
|
| LEADER |
00000cam a2200000 7i4500 |
| 001 |
0000000267 |
| 005 |
20140117.0 |
| 020 |
0 |
0 |
|a 9839903306
|
| 090 |
0 |
0 |
|a R584.93095951
|b WON 1995
|
| 100 |
1 |
0 |
|a WONG
|h K. M. [
|q (Khoon Meng)]
|
| 245 |
1 |
4 |
|a The morphology, anatomy, biology and classification of Peninsular Malaysian bamboos
|c K.M. Wong
|
| 260 |
0 |
0 |
|a Kuala Lumpur :
|b University of Malaya ,
|c 1995
|
| 300 |
|
|
|a 189 p. :
|b ill. ;
|c 26 cm.
|
| 440 |
0 |
0 |
|a University of Malaya botanical monographs; n. 1
|
| 500 |
0 |
0 |
|a Bibliography: [p. 158-177] and index
|
| 650 |
0 |
0 |
|a Bamboo
|x Antomy
|
| 650 |
0 |
0 |
|a Bamboo
|x Biology
|
| 650 |
0 |
0 |
|a Bamboo
|x Classification
|
| 650 |
0 |
0 |
|a Bamboo
|x Morphology
|
| 650 |
0 |
0 |
|a Bamboo
|z Peninsular Malaysia
|
| 999 |
|
|
|a 0000001412
|b Monograph
|c Reference
|e Default branch
|